| 000 | 00462nam a2200157Ia 4500 | ||
|---|---|---|---|
| 008 | 170221s9999 xx 000 0 und d | ||
| 100 | _aMing Li | ||
| 245 | 2 | _aA Novel Ultra-Wideband Hybrid Localization Scheme in Coal Mine | |
| 245 | _cMing Li | ||
| 260 | _bJournal of Communications | ||
| 260 | _c2014 | ||
| 300 | _a34 : 2 | ||
| 650 | _xCommunication | ||
| 650 | _xMedia Arts | ||
| 856 | _uhttp://www.jocm.us/index.php?m=content&c=index&a=lists&catid=153 | ||
| 999 |
_c310751 _d310751 |
||